banner-ar

COMMUNITY HEALTH, PREVENTIVE MEDICINE AND SOCIAL SERVICES / (Record no. 15316)

MARC details
000 -الفاتح
حقل البيانات ثابتة الطول 00492nam a2200169Ia 4500
008 - عناصر البيانات ثابتة الطول - معلومات عامة
حقل البيانات ثابتة الطول 140319s9999 xx 000 0 eng d
040 ## - مصدر الفهرسة
وكالة الفهرسة الأصلية GCL /
وكالة النسخ GCL
082 04 - رقم تصنيف ديوى العشرى
رقم التصنيف 362.1
رقم المادة D C
100 1# - المدخل الرئيسى - إسم شخصى
الإسم الشخصى COMMUNITY HEALTH SERVICES
245 10 - بيان العنوان
العنوان COMMUNITY HEALTH, PREVENTIVE MEDICINE AND SOCIAL SERVICES /
بيان المسئوليه,etc COMMUNITY HEALTH SERVICES
260 ## - PUBLICATION, DISTRIBUTION, ETC. (IMPRINT)
تاريخ النشر أو التوزيع 1993
300 ## - الوصف المادى
التعداد 572 P
650 04 - المدخل الاضافى بالموضوع-مصطلح موضوعى
مصطلح موضوعي DAVIES, TOM
650 04 - المدخل الاضافى بالموضوع-مصطلح موضوعى
مصطلح موضوعي DAVIES, BRIAN MEREDITH
942 ## - عناصر المدخل الإضافي( كوها)
مصدر التصنيف او مخطط الترفيف Dewey Decimal Classification
Koha [default] item type كتاب
260 ## - PUBLICATION, DISTRIBUTION, ETC. (IMPRINT)
-- [S.N] :
-- BAILLIERE TINDALL ،
Holdings
حالة التراجع حالة الفقد حالة تلف ليس للاعارة المكان المؤقت الموقع الحالى تاريخ الاكتساب اجمالي اﻻعارات رقم الطلب الباركود تاريخ اخر مشاهدة تاريخ تفعيل السعر نوع وعاء كوها
        مكتبة القاهرة الكبرى مكتبة القاهرة الكبرى 03/26/2014   362.1\D C 28408 03/26/2014 03/26/2014 كتاب
        مكتبة القاهرة الكبرى مكتبة القاهرة الكبرى 03/26/2014   362.1\D C 28409 03/26/2014 03/26/2014 كتاب

Powered By

EGPV